00809cam a22002173a 450000100060000000300060000600500170001200800410002904000150007004200070008510000370009224501920012926000290032150600300035051600200038065300300040065300410043065300490047183000290052085600420054935870PGUSA20140828083754.0110414s2011||||xxu|||||s|||||000 | eng d aPGUSAbeng adc1 aGrant-Suttie, George,d1797-187810aLetter to the Right Honourable Lord Viscount Melbourne on the Cause of the Higher Average Price of Grain in Britain than on the the Continenth[electronic resource] /cGeorge Grant-Suttie bProject Gutenberg,c2011 aPublic domain in the USA. aElectronic text aCorn laws (Great Britain) aGreat Britain -- Economic conditions aMelbourne, William Lamb, Viscount, 1779-1848 0aProject Gutenbergv3587040uhttp://www.gutenberg.org/ebooks/35870